LEADER 05746nam 2200769Ia 450 001 9910826322103321 005 20200520144314.0 010 $a9786613621351 010 $a9781119940920 010 $a1119940923 010 $a9781280591525 010 $a1280591528 010 $a9781119945888 010 $a1119945887 010 $a9781119945895 010 $a1119945895 035 $a(CKB)2670000000161888 035 $a(EBL)879006 035 $a(OCoLC)784124287 035 $a(SSID)ssj0000622990 035 $a(PQKBManifestationID)11389590 035 $a(PQKBTitleCode)TC0000622990 035 $a(PQKBWorkID)10647936 035 $a(PQKB)10365257 035 $a(MiAaPQ)EBC879006 035 $a(Au-PeEL)EBL879006 035 $a(CaPaEBR)ebr10546537 035 $a(CaONFJC)MIL362135 035 $a(Perlego)1011606 035 $a(EXLCZ)992670000000161888 100 $a20111227d2012 uy 0 101 0 $aeng 135 $aurcn||||||||| 181 $ctxt 182 $cc 183 $acr 200 04$aThe importance of Pi-interactions in crystal engineering $efrontiers in crystal engineering /$fedited by Edward R.T. Tiekink, Julio Zukerman-Schpector 205 $a2nd ed. 210 $aHoboken, NJ $cWiley$d2012 215 $a1 online resource (402 p.) 300 $aDescription based upon print version of record. 311 08$a9780470688274 311 08$a0470688270 320 $aIncludes bibliographical references and index. 327 $aThe Importance of Pi-Interactions in Crystal Engineering; Contents; Preface; List of Contributors; 1 The CH/p Hydrogen Bond: Implication in Crystal Engineering; 1.1 Introduction; 1.1.1 Evidence and the Nature of the CH/p Hydrogen Bond; 1.1.2 Directionality of the CH/p Hydrogen Bond; 1.2 Cooperative Effect of the CH/p Hydrogen Bond; 1.2.1 Cooperative Effect as Evidenced by High-Level Ab Initio MO Calculations; 1.2.2 Cooperative Effect as Evidenced by Periodic Ab Initio MO Calculations; 1.2.3 Cooperative Effect as Evidenced by Stabilisation of Materials in Aromatic Nanochannels 327 $a1.2.4 Optical Resolution 1.3 CH/p Hydrogen Bonds in Supramolecular Chemistry; 1.3.1 Crystal Packing; 1.3.2 Lattice Inclusion Type Clathrates; 1.3.3 Cavity Inclusion Type Clathrates; 1.4 Crystallographic Database Analyses; 1.4.1 CH/p Hydrogen Bonds as Evidenced by CSD Analyses; 1.4.2 Systematic CSD Analyses; 1.5 Systematic CSD Analyses of the CH/p Hydrogen Bond; 1.5.1 Method and General Survey of Organic Molecules; 1.5.2 Organometallic Compounds; 1.6 Summary and Outlook; Acknowledgments; References; 2 New Aspects of Aromatic p. . . p and C-H . . . p Interactions in Crystal Engineering 327 $a2.1 Introduction 2.1.1 Planar Aromatic Molecules; 2.1.2 Edge-Face (EF) and Offset Face-Face (OFF) Interactions; 2.1.3 Competition between EF and OFF Interactions; 2.1.4 Edge-Edge (EE) Interactions; 2.2 Three-Dimensional Aromatic Structures; 2.2.1 Aryl . . . Aryl Embrace Interactions; 2.2.2 Design of Heteroaromatic Inclusion Hosts; 2.3 Endo,Endo-Facial Dimers; 2.3.1 The Basic P4AE Interaction Motif; 2.3.2 Discrete Endo,Endo-Facial Dimers; 2.3.3 Aggregated Endo,Endo-Facial Dimers; 2.4 Multiply Halogenated Heteroaromatic Molecules; 2.4.1 The p-Halogen Dimer (PHD) Interaction 327 $a2.4.2 The PHD Unit in Staircase Inclusion Structures 2.4.3 The PHD Unit in Layer Structures; 2.4.4 Switch from Endo,Endo-Facial Dimer to PHD Unit; 2.5 Expansion of the Endo,Endo-Facial Dimer; 2.5.1 Penannular Guest Enclosure; 2.5.2 Types of Molecular Pens; 2.6 (EF)6 Brick-Like Building Blocks; 2.6.1 Phenylated Heteroaromatic Molecules; 2.6.2 Packing of the Bricks; 2.6.3 Different Inclusion Families and Their Convergence; 2.7 Other Novel Multiple Edge-Face Assemblies; 2.7.1 The (EF)2 Handclasp Interaction; 2.7.2 Formation of Hexameric Inclusion Capsules 327 $a2.7.3 Formation of Hexameric Hydrate Clusters 2.8 Other Types of Aryl-Aryl Contacts; 2.8.1 Different OFF Packing Geometries; 2.8.2 Exo,Endo-Facial OFF Interactions; 2.8.3 Exo,Exo-Facial OFF Interactions; 2.8.4 Swivel Interactions; 2.9 Conclusions; Acknowledgments; References; 3 CH-p and p-p Interactions as Contributors to the Guest Binding in Reversible Inclusion and Encapsulation Complexes; 3.1 Introduction; 3.1.1 Theoretical Considerations of Aromatic-Aromatic (p-p) Interactions and CH-p Interactions 327 $a3.2 Probing Aromatic-Aromatic (p-p) Interactions and CH-p Interactions with Solid-State Structures of Reversible Inclusion and Encapsulation Complexes 330 $aCrystal engineers aim to control the way molecules aggregate in the crystalline phase and are therefore concerned with crystal structure prediction, polymorphism, and discovering the relative importance of different types of intermolecular forces and their influence on molecular structure. In order to design crystal structures, knowledge of the types, strengths, and nature of possible intermolecular interactions is essential. Non-covalent interactions involving p-systems is a theme that is under extensive investigation as these interactions can be inductors for the assembly of a vast array of 606 $aMolecular crystals 606 $aSupramolecular organometallic chemistry 606 $aCrystal growth 615 0$aMolecular crystals. 615 0$aSupramolecular organometallic chemistry. 615 0$aCrystal growth. 676 $a548/.3 701 $aTiekink$b Edward R. T$0867117 701 $aZukerman-Schpector$b Julio$01712404 801 0$bMiAaPQ 801 1$bMiAaPQ 801 2$bMiAaPQ 906 $aBOOK 912 $a9910826322103321 996 $aThe importance of Pi-interactions in crystal engineering$94104507 997 $aUNINA LEADER 05149oam 2200877I 450 001 9910961434703321 005 20251116155948.0 010 $a9781472404299 010 $a1472404297 010 $a9781317184188 010 $a1317184181 010 $a9781317184171 010 $a1317184173 010 $a9781315566054 010 $a1315566052 010 $a9781283902014 010 $a128390201X 010 $a9781409446156 010 $a1409446158 024 7 $a10.4324/9781315566054 035 $a(CKB)2550000000710967 035 $a(EBL)1108303 035 $a(OCoLC)823720079 035 $a(SSID)ssj0000786919 035 $a(PQKBManifestationID)12342766 035 $a(PQKBTitleCode)TC0000786919 035 $a(PQKBWorkID)10804075 035 $a(PQKB)11418217 035 $a(Au-PeEL)EBL4469207 035 $a(CaPaEBR)ebr11488863 035 $a(OCoLC)1018165280 035 $a(OCoLC)950004932 035 $a(MiAaPQ)EBC4469207 035 $a(EXLCZ)992550000000710967 100 $a20180706e20162013 uy 0 101 0 $aeng 135 $aur|n|---||||| 181 $ctxt 182 $cc 183 $acr 200 00$aAfrican traditions in the study of religion, diaspora and gendered societies $eessays in honour of Jacob Kehinde Olupona /$fedited by Afe Adogame, Ezra Chitando, Bolaji Bateye 210 1$aLondon :$cRoutledge,$d2016. 215 $a1 online resource (207 p.) 225 1 $aVitality of Indigenous Religions 300 $a"Book two." 300 $a"Essays in honour of Prof. Jacob Kehinde Olupona." 300 $aCompanion volume to: African traditions in the study of religion in Africa / edited by Afe Adogame, Ezra Chitando, Bolaji Bateye. Farnham, England ; Burlington, VT : Ashgate, 2012. 300 $aFirst published 2013 by Ashgate Publishing. 311 08$a9781409446149 311 08$a140944614X 320 $aIncludes bibliographical references at the end of each chapters and index. 327 $aIntroduction : African traditions in the study of religion in Africa : contending with gender, the vitality of indigenous religions and diaspora / Ezra Chitando, Afe Adogame, Bolaji Bateye -- ch. 1. Approaches to peacemaking in Africa : obuntu perspectives from Western Kenya / Lucas Nandih Shamala -- ch. 2. Religious pluralism and secularization in the Nigerian religious sphere / Danoye Oguntola Laguda -- ch. 3. Faith, spiritualism and materialism : understanding the interfaces of religion and economy in Nigeria / Olutayo Adesina -- ch. 4. Towards a civil religion in Nigeria / Musa Gaiya -- ch. 5. The tradition of ancestral veneration manifesting in national symbols : a study of its implication for national integration and moral transformation in Nigeria / Kehinde Jacob Ayantayo -- ch. 6. The concept of expiatory sacrifice in the early Church and in African indigenous religious traditions / Samson A. Fatokun -- ch. 7. Researching African immigrant religions : boundaries, belonging and access / Abel Ugba -- ch. 8. A?i?ni? obi?nrin ko? see? da?ke? la?sa?n, bi? a da?ke? la?sa?n, enu ni?i? yo ni : women's leadership roles in Ala?dura? churches in Nigeria and the USA / Moju?ba?olu? Olu?fu?nke? Okome and Elisha Renne -- ch. 9. The place of second-generation youth in West Indian pentecostalism in the diaspora--New York and London / Janice McLean -- ch. 10. Religion and masculinities in Africa : an opportunity for Africanization / Ezra Chitando -- ch. 11. Rethinking women, nature and ritual purity in Yoruba religious traditions / Bolaji Bateye -- ch. 12. Partnership and the exercise of power in Nigerian churches / Dorcas Akintunde -- ch. 13. The Northern Nigerian Muslim woman : between economic crisis and religious puritanism / Oluwakemi Adesina. 330 $aThis book presents a unique multidisciplinary exploration of African traditions in the study of religion, diaspora, and gendered societies. Contributors drawn from diverse African and global contexts situate current scholarly traditions of the study of African religions within the purview of academic encounter and exchanges with non-African scholars and non-African contexts. 410 0$aVitality of indigenous religions. 606 $aReligion$xSocial aspects$zNigeria 606 $aReligion$xSocial aspects$zAfrica 606 $aWomen and religion$xAfrica 606 $aAfrican diaspora$xReligious aspects 607 $aNigeria$xReligion 607 $aAfrica$xReligion 615 0$aReligion$xSocial aspects 615 0$aReligion$xSocial aspects 615 0$aWomen and religion$xAfrica. 615 0$aAfrican diaspora$xReligious aspects. 676 $a200.9669 701 $aAdogame$b Afeosemime U$g(Afeosemime Unuose),$f1964-$01803349 701 $aBateye$b Bolaji$01803350 701 $aChitando$b Ezra$0944325 701 $aOlupona$b Jacob K$g(Jacob Ke?hinde),$f1951-$00 801 0$bMiAaPQ 801 1$bMiAaPQ 801 2$bMiAaPQ 906 $aBOOK 912 $a9910961434703321 996 $aAfrican traditions in the study of religion, diaspora and gendered societies$94350182 997 $aUNINA